El colgajo / (Record no. 193954)

MARC details
000 -LEADER
campo de control de longitud fija 02586nam a2200433 i 4500
001 - NÚMERO DE CONTROL
campo de control 193954
003 - IDENTIFICADOR DE NÚMERO DE CONTROL
campo de control SpMaBN
005 - FECHA Y HORA DE LA ÚLTIMA TRANSACCIÓN
campo de control 20250708201359.0
008 - DATOS DE LONGITUD FIJA--INFORMACIÓN GENERAL
campo de control de longitud fija 240201s2019 sp | |||| 000 f spa
015 ## - NÚMERO DE BIBLIOGRAFÍA NACIONAL
Número de bibliografía nacional MON19
017 ## - NÚMERO DE COPYRIGHT O DE DEPÓSITO LEGAL
Número de copyright o de depósito legal B 16131-2019
Agencia que asigna Oficina Depósito Legal Barcelona
020 ## - NÚMERO INTERNACIONAL ESTÁNDAR DEL LIBRO
Número Internacional Estándar del Libro 9788433980410
035 ## - NÚMERO DE CONTROL DEL SISTEMA
Número de control de sistema (OCoLC)1113862487
040 ## - FUENTE DE CATALOGACIÓN
Centro catalogador/agencia de origen SpMaBN
Lengua de catalogación spa
Centro/agencia transcriptor SpMaBN
Normas de descripción rda
080 ## - NÚMERO DE LA CLASIFICACIÓN DECIMAL UNIVERSAL
Número de la Clasificación Decimal Universal 821.133.1-31"19"
100 ## - ENTRADA PRINCIPAL--NOMBRE DE PERSONA
Nombre de persona Lançon, Philippe,
Fechas asociadas al nombre 1963-
9 (RLIN) 235467
Término indicativo de función/relación Autor
240 13 - TÍTULO UNIFORME
Título uniforme Le lambeau
Lenguaje de la obra Español
245 13 - MENCIÓN DEL TÍTULO
Título El colgajo /
Mención de responsabilidad, etc. Philippe Lançon ; traducción de Juan de Sola
250 ## - MENCION DE EDICION
Mención de edición Primera edición: agosto 2019
264 #1 - PRODUCCIÓN, PUBLICACIÓN, DISTRIBUCIÓN, FABRICACIÓN Y COPYRIGHT
Producción, publicación, distribución, fabricación y copyright Barcelona :
Nombre del de productor, editor, distribuidor, fabricante Editorial Anagrama,
Fecha de producción, publicación, distribución, fabricación o copyright [2019]
264 #4 - PRODUCCIÓN, PUBLICACIÓN, DISTRIBUCIÓN, FABRICACIÓN Y COPYRIGHT
Fecha de producción, publicación, distribución, fabricación o copyright ©2019
300 ## - DESCRIPCIÓN FÍSICA
Extensión 443 páginas ;
Dimensiones 22 cm
336 ## - TIPO DE CONTENIDO
Término de tipo de contenido Texto
Fuente rdacontent
337 ## - TIPO DE MEDIO
Nombre/término del tipo de medio sin mediación
Fuente rdamedia
338 ## - TIPO DE SOPORTE
Nombre/término del tipo de soporte volumen
Fuente rdacarrier
490 1# - MENCIÓN DE SERIE
Mención de serie Panorama de narrativas ;
Designación de volumen o secuencia 1009
520 ## - RESUMEN, ETC.
Sumario, etc. Había una plegaria de un sabio oriental que decía: “Líbrame, Dios mío, de vivir una época interesante”. Hasta el 7 de enero de 2015, Lançon era una periodista que trabajaba en Liberation y Charlie Hebdo: escribía de cosas que le pasaban a otros, hacía críticas culturales. Un periodista nunca piensa que lo que a él le pasa sea interesante para nadie. Pero aquella mañana, en plena reunión de la redacción, ocurrió el atentado. El sobrevivió, con un disparo en la mandíbula que partió en dos su rostro y también su vida. Este libro –escrito después de muchas operaciones, meses en el hospital y recobradas sus ganas de contarlo– es absolutamente íntimo: su perspectiva sobre el tiempo, sobre cómo te transforma algo así, cómo aceptar el futuro. Es modélico en ese sentido: sufrimos con él sus noches de hospital, sus ansiedades, sus frustraciones. Y consigue convertir la oscuridad en algo muy luminoso y de gran alcance literario.
586 ## - NOTA DE PREMIOS
Nota de premios Premios Femina, Roger Caillois y Especial Renaudot 2018
700 ## - ENTRADA AGREGADA--NOMBRE PERSONAL
Nombre de persona Sola, Juan de,
Fechas asociadas al nombre 1975-
9 (RLIN) 235468
Término indicativo de función/relación Traductor
830 #0 - PUNTO DE ACCESO ADICIONAL DE SERIE-TÍTULO UNIFORME
9 (RLIN) 123642
Título uniforme Panorama de narrativas ;
Designación de volumen o secuencia 1009
852 ## - LOCALIZACIÓN
Ubicación ES-MaACL
Sublocalización o colección R.155002
Ubicación en estantería Depósito J
Número de control de estantería N-9764
Encuadernación Encuadernación rústica con solapas
Donativo/Legado Donación: José Lázaro García
itemnumber 205469
903 ## - NOMBRE PERSONAL DE DONANTE
9 234219
a Lázaro García, José
e Donante
942 ## - ELEMENTOS DE ENTRADA SECUNDARIOS (KOHA)
Tipo de ítem Koha Libro impreso
Suprimir en OPAC No
Holdings
Estatus retirado Estado de pérdida Fuente del sistema de clasificación o colocación Estado de daño No para préstamo Biblioteca de origen Biblioteca actual Ubicación en estantería Fecha de adquisición Fuente de adquisición Total de préstamos Signatura topográfica completa Código de barras Visto por última vez Precio de reemplazo Tipo de ítem Koha
    Clasificación decimal universal     Biblioteca del Ateneo de Madrid Biblioteca del Ateneo de Madrid Depósito J 13/05/2025 Donación   N-9764 101230078 13/05/2025 13/05/2025 Libro impreso